Normal view
MARC view
- Sardar Rushan Sher Qaisrani, Muhammad Waqas Tariq
Entry Personal Name
001 - CONTROL NUMBER
- control field: 93349
003 - CONTROL NUMBER IDENTIFIER
- control field: NUST
005 - DATE AND TIME OF LATEST TRANSACTION
- control field: 20220706163202.0
008 - FIXED-LENGTH DATA ELEMENTS
- fixed length control field: 220706|| aca||aabn | a|a d
040 ## - CATALOGING SOURCE
- Original cataloging agency: NUST
- Transcribing agency: NUST
100 ## - HEADING--PERSONAL NAME
- Personal name: Sardar Rushan Sher Qaisrani, Muhammad Waqas Tariq
670 ## - SOURCE DATA FOUND
- Source citation: Work cat.: (NUST)11317: Muhammad Yaqoob 66134, Development of low cost, efficient, multipurpose haptic feedback system for a surgical robot, 2012
